El siglo de las luces
Guardat en:
| Autor principal: | |
|---|---|
| Format: | Llibre |
| Idioma: | espanyol |
| Publicat: |
Barcelona
Muchnik
1984
|
| Col·lecció: | Historia del antisemitismo, 3
|
| Matèries: | |
| Etiquetes: |
Afegir etiqueta
Sense etiquetes, Sigues el primer a etiquetar aquest registre!
|
MARC
| LEADER | 00000nam a2200000 a 4500 | ||
|---|---|---|---|
| 001 | UCW0046 | ||
| 003 | CL-VaPUC | ||
| 008 | 880427e19840000SP |||||||||||||||||spa|d | ||
| 082 | 0 | 4 | |a 909.04924 |b POL |2 21 |
| 100 | 0 | |a Poliakov, León |e author |9 304030 | |
| 245 | 1 | 3 | |a El siglo de las luces |
| 300 | |a 257 p | ||
| 942 | |c BK | ||
| 945 | |d 19880427 00:00:00 | ||
| 260 | |a Barcelona |b Muchnik |c 1984 | ||
| 650 | 7 | |a JUDAISMO HISTORIA |2 CL-VaPUC |9 304031 | |
| 650 | 7 | |a JUDIOS EN EUROPA |2 CL-VaPUC |9 269075 | |
| 650 | 7 | |a PERSECUCIONES DE LOS JUDIOS |2 CL-VaPUC |9 304032 | |
| 583 | |a last modification |c 19880427 00:00:00 |k Rodrigo Vera | ||
| 490 | 0 | |a Historia del antisemitismo, 3 | |
| 999 | |c 215296 |d 215294 | ||
| 952 | |0 0 |1 0 |4 0 |6 909_049240000000000_POL_1984 |7 0 |8 A |9 199381 |a BIBART |b BIBART |d 2019-11-14 |i 2666871 |o 909.04924 POL 1984 |p 2666871 |r 2025-03-13 |w 2019-11-14 |y BK |k ART | ||
| 952 | |0 0 |1 0 |4 0 |6 909_049240000000000_POL_1984 |7 0 |8 A |9 199382 |a BIBHIS |b BIBHIS |d 2019-11-14 |i 266688K |o 909.04924 POL 1984 |p 266688K |r 2025-01-20 |w 2019-11-14 |y BK |k HIS | ||